000 02075nam0a2200385 4500
001 RU\NLR\bibl\1858742
005 20260406000726.0
010 _a978-5-9275-0880-8
_9500
021 _aRU
_b2011-101334
_97256
035 _a(NLR Aleph) 001848658
090 _a2371396
_c2371396
100 _a20120120d2011 |||y0rusy50 ca
101 0 _arus
102 _aRU
105 _aa |||||||||
135 _acrmn mmmancda
200 1 _aОсновы психокоррекции
_eучебное пособие
_e[для студентов вузов]
_fФ.Р. Филатов
_gМ-во образования и науки Рос. Федерации, Федер. гос. авт. образоват. учреждение высш. проф. образования "Юж. федер. ун-т", Фак. психологии
210 _aРостов-на-Дону
_cИзд-во Южного федерального университета
_d2011
215 _a197 с.
_cил.
_d20
225 1 _aПриоритетные национальные проекты
_iОбразование
320 _aБиблиогр. в конце разд. и в подстроч. примеч.
325 _aКопия доступна в Электрон. б-ке РНБ
606 1 _aПсихокоррекция
_jУчебные издания для высших учебных заведений
_92168243
_3RU\NLR\AUTH\661304449
686 1 _aЮ949.28я73
700 1 _4070
_8rus
_7ca
_aФилатов
_bФ. Р.
_gФилипп Робертович
_3RU\NLR\auth\77110276
_993201
801 0 _aRU
_bNLR
_c20120120
_gRCR
801 1 _aRU
_bNLR
_c20120120
942 _cBOOK
980 _aNB
980 _aNBR
981 1 3 _a(13) Документы, защищенные авторским правом
_b(13) Современная научная, научно-популярная и популярная л